Revisiting letters of intent (Record no. 73354)

MARC details
000 -LEADER
fixed length control field 00841cam a2200193 4500
001 - CONTROL NUMBER
control field ABS66947
008 - FIXED-LENGTH DATA ELEMENTS--GENERAL INFORMATION
fixed length control field 030904n2003 000 0 eng u
035 ## - SYSTEM CONTROL NUMBER
System control number (Sirsi) u123496
100 ## - MAIN ENTRY--PERSONAL NAME
Personal name Cunliffe, A.
245 ## - TITLE STATEMENT
Title Revisiting letters of intent
260 ## - PUBLICATION, DISTRIBUTION, ETC.
Date of publication, distribution, etc. 2003
490 ## - SERIES STATEMENT
Series statement Construction Law Bulletin
Volume/sequential designation July 2003, 30-32(3)
520 ## - SUMMARY, ETC.
Summary, etc. Looks at letters of intent, explaining their use as a way for contractors to start works early before their main contract has been finalised. Distinguishes between non-binding and binding letters of intent. Recommends how to minimise risk by developing standard forms for them which address relevant case law and protect a company's interests.
590 ## - LOCAL NOTE (RLIN)
Local note ABS
650 ## - SUBJECT ADDED ENTRY--TOPICAL TERM
Topical term or geographic name entry element LETTERS OF INTENT
650 ## - SUBJECT ADDED ENTRY--TOPICAL TERM
Topical term or geographic name entry element STANDARD FORMS
690 ## - LOCAL SUBJECT ADDED ENTRY--TOPICAL TERM (OCLC, RLIN)
Topical term or geographic name as entry element BUILT ENVIRONMENT-BUILDING CONTRACT FORMS
942 ## - ADDED ENTRY ELEMENTS (KOHA)
Suppress in OPAC 0
Holdings
Withdrawn status Lost status Source of classification or shelving scheme Damaged status Not for loan Home library Current library Shelving location Date acquired Total Checkouts Full call number Barcode Date last seen Copy number Price effective from Koha item type
    Dewey Decimal Classification     London London Journal article 04/09/2003   ABS66947 123496-1001 06/08/2019 1 06/08/2019 Journal article